Voter de 1814 à 1870 - 4ème - Statistiques

Statistiques générales
  • Ce quiz a été pris 8 fois
  • Le résultat moyen est 6 sur 10
Statistiques - réponses
Question Réponse % Correct
Quel régime remplace la IIème République. Le Second Empire.
100%
Qui a le droit de voter en 1814 ? Les hommes de + de 30 ans qui payent un impôt de 300 francs.
86%
Quel évènement se produit en 1848 ? Une nouvelle révolution qui installe la 2ème République.
86%
Quelles sont les dates de la IIème République ? 1848 - 1852
71%
Quel évènement met fin au règne de Charles X ? Il est déposé à la suite d'une révolution.
71%
Comment s'appelle le roi de France en 1814 ? Louis XVIII
71%
Qu'est-ce qui change dans la fonction royale entre Charles X et son successeur Louis-Philippe ? Louis-Philippe prend le titre de roi des Français, et plus celui de roi de France.
57%
Qui peut voter en 1848 ? Tout les citoyens masculins de + de 21 ans.
43%
De quel type de régime est-il le chef ? Une monarchie constitutionelle.
29%
Est-il toujours possible de voter sous ce nouveau régime ? Oui
0%
Aucun quiz correspondant
Distribution des résultats
% des personnes avec chaque résultat
Percentile par nombre de réponses
Votre historique - résultats
Vous n’avez pas pris ce quiz